header

How To Babysit A Grandma (Record no. 261757)

MARC details
000 -LEADER
fixed length control field 00220nam a22000977a 4500
020 ## - INTERNATIONAL STANDARD BOOK NUMBER
ISBN 9780385753845
100 ## - MAIN ENTRY--AUTHOR NAME
Personal name Jean Reagan
245 ## - TITLE STATEMENT
Title How To Babysit A Grandma
260 ## - PUBLICATION, DISTRIBUTION, ETC. (IMPRINT)
Place of publication U.S.A
Name of publisher Alfred A. Knope
Year of publication 2014
942 ## - ADDED ENTRY ELEMENTS (KOHA)
Koha item type Long Loan Books
Holdings
Withdrawn status Lost status Collection code Home library Current library Shelving location Date acquired Accession Number Koha item type
    Fiction Rongo University Library Rongo University Library Children's Area 22/11/2023 CL20222330 Long Loan Books

© 2026 Rongo University
Contact us: librarian | system librarian | Rongo university